Statistiche per Caccia al topo! - Province d'Italia

Clicka qui per fare il quiz!

Statistiche generali

  • Questo quiz è stato fatto 28.885 volte
  • Il punteggio medio è 4 su 10

Risposte nella Mappa

Le risposte nella mappa del quiz sottostante sono codificate secondo una scala di colori dal rosso al verde in base alla % di persone che hanno risposto correttamente.
 

Statistiche sulle risposte

Provinces% Corretto
Roma
80%
Palermo
76%
Torino
75%
Aosta
66%
Bari
66%
Genova
66%
Milano
64%
Foggia
63%
Perugia
62%
Lecce
61%
Messina
61%
Trento
61%
Cagliari
59%
Cuneo
59%
Reggio Calabria
59%
Bologna
58%
Bolzano
58%
Firenze
58%
Udine
58%
Venezia
58%
Catania
57%
Brescia
55%
Catanzaro
54%
Salerno
53%
Sassari
53%
Cosenza
52%
Potenza
52%
Enna
50%
Pisa
50%
Taranto
50%
Alessandria
49%
Bergamo
49%
Matera
49%
Napoli
49%
Parma
49%
Ancona
48%
Caserta
48%
Padova
48%
Verona
48%
Campobasso
47%
Reggio Emilia
47%
Savona
47%
Latina
45%
Nuoro
45%
Sud Sardegna
45%
Agrigento
44%
Brindisi
43%
Frosinone
43%
Vicenza
43%
Avellino
42%
Como
42%
Grosseto
42%
Siracusa
42%
Sondrio
42%
Vibo Valentia
42%
Viterbo
42%
Barletta-Andria-
Trani
41%
Piacenza
41%
Trapani
41%
Imperia
40%
L'Aquila
40%
Modena
40%
Oristano
40%
Pordenone
40%
Rovigo
40%
Belluno
38%
Benevento
38%
Biella
38%
Crotone
38%
Massa-Carrara
38%
Ferrara
37%
Forlì-Cesena
37%
La Spezia
37%
Livorno
37%
Lucca
37%
Pesaro e Urbino
37%
Ragusa
37%
Ravenna
37%
Siena
37%
Treviso
37%
Rieti
36%
Rimini
36%
Vercelli
36%
Caltanissetta
35%
Lecco
35%
Asti
34%
Monza e Brianza
34%
Gorizia
33%
Isernia
33%
Novara
33%
Pavia
33%
Fermo
32%
Macerata
32%
Trieste
32%
Cremona
31%
Mantova
31%
Arezzo
30%
Pescara
29%
Pistoia
28%
Varese
28%
Ascoli Piceno
27%
Chieti
27%
Terni
26%
Verbano-Cusio-
Ossola
26%
Lodi
24%
Prato
22%
Teramo
22%

Distribuzione punteggi

Percentile per numero di risposta

Percentuale di utenti per punteggio

I tuoi punteggi nel tempo

Non hai fatto questo quiz